00581nam a2200205Ia 450000500170000000800410001702000140005804000190007204100120009108200130010310000180011624500790013426000260021330000100023950400500024963000220029965000290032165100150035085000100036520221020093643.0131103s9999 xx 000 0 und d a416828302 aLoreto College aEnglish a155bMAC aMcGurk, Harry aGrowing and changingb a primer of developmental psychology cHarry McGurk aLondonbMethuenc1975 a142p  aIncludes bibliographical references and index aHuman Development aDevelopmental Psychology aPsychology aLCLIB